000 00312nam a2200133Ia 4500
008 191201s2008 xx 000 0 und d
082 _a519.5
_bJAS
100 _aJain, T R
245 0 _aStatistics for MBA
260 _aN.Delhi
_bV K Enterprises
_c2008-09
300 _amisc
650 _aMBA
942 _2ddc
_cBK
_01
999 _c3605
_d3605